00484nam a22001697a 4500003000500000005001700005008004100022020001800063040000900081082001100090245010900101260004000210300001100250630001000261630002100271630002200292ASAB20170718134004.0170718b xxu||||| |||| 00| 0 eng d a1-84076-018-4 cASAB a635.65 aPests, diseases and disorders of peas and beansbA colour handbookcAnthony J. Biddle, Nigel D. Cattlin. aUK.bManson publishing Ltd.cc2007. a128 p. aPests aDiseases of peas adiseases of beans